[Event "Mallorca Trophy-B"]
[Site "Playchess.com INT"]
[Date "2004.02.08"]
[Round "3.4"]
[White "Hickl, Joerg"]
[Black "Pelletier, Yannick"]
[Result "1-0"]
[WhiteElo "2554"]
[BlackElo "2587"]
[PlyCount "119"]
[EventDate "2004.02.08"]
[EventType "tourn (blitz)"]
[EventRounds "12"]
[EventCountry "GER"]
[EventCategory "12"]
[SourceTitle "CBM 098 Extra"]
[Source "ChessBase"]
[SourceDate "2004.03.10"]
[SourceVersion "2"]
[SourceVersionDate "2004.03.10"]
[SourceQuality "1"]

1. g3 d5 2. Bg2 c6 3. Nf3 Bg4 4. b3 Nd7 5. Bb2 e6 6. O-O Ngf6 7. d3 Bc5 8. c4 O-O 9. Na3 ({RR} 9. Nc3 Qe7 10. a3 a5 11. h3 Bh5 12. cxd5 cxd5 13. Nb5 Qd8 14. Nfd4 Qb6 15. a4 h6 16. f4 Rfe8 17. Kh1 e5 18. fxe5 Rxe5 19. g4 Bxg4 20. hxg4 Nxg4 21. e4 Qg6 22. Rf3 dxe4 23. dxe4 Rh5+ {Salinas Herrera,P (2498)-Curi,G (2185) Sao Paulo 2019 0-1 (49)}) 9... a5 10. Nc2 Re8 ({RR} 10... b5 11. Qd2 Bxf3 12. Bxf3 Qb6 13. Rab1 bxc4 14. bxc4 Qa7 15. e3 Qa6 16. Be2 Bd6 17. Ba3 Bxa3 18. Nxa3 Rfb8 19. d4 Ne4 20. Qc2 Qc8 21. Bd3 Nef6 22. Rfc1 Qf8 23. Qc3 c5 24. Nb5 Rc8 25. Qd2 {Hickl,J (2608)-Jenni,F (2515) Switzerland 2006 1-0 (50)}) 11. a3 b5 $146 ({RR} 11... Bb6 12. b4 e5 13. Re1 Bh5 14. c5 Bc7 15. e4 d4 16. Qb1 b6 17. Nfxd4 exd4 18. Nxd4 Nb8 19. f4 axb4 20. axb4 Rxa1 21. Qxa1 Bg4 22. Rc1 h5 23. Qa8 h4 24. Rf1 Nh5 25. Kf2 hxg3+ 26. hxg3 {Hickl,J (2540)-Chernin,A (2600) San Bernardino 1992 0-1 (41)}) 12. b4 Bf8 13. c5 Qc7 14. Re1 e5 15. e4 d4 16. h3 Be6 17. Bc1 h6 18. Bd2 Ra6 19. Rf1 Rea8 20. Rb1 axb4 21. axb4 Ra2 22. Nfe1 Nh7 23. f4 f6 24. h4 Be7 25. Kh2 Qc8 26. Bf3 Bd8 27. Bh5 Kh8 28. Rg1 Bc7 29. f5 Bg8 30. g4 Bd8 31. Nf3 Be7 32. g5 fxg5 33. hxg5 hxg5 34. Bg6 Ndf6 35. Nxg5 Nxg5 36. Rxg5 Bh7 37. Kh1 Kg8 38. Rc1 Bxg6 39. Rxg6 Qe8 40. Bh6 Bf8 41. Qg1 Qf7 42. Qg2 Rb2 43. Rg1 Ne8 44. Bc1 Rb1 45. Qh2 Ra2 46. Rh6 Qb3 47. Rh8+ Kf7 48. Qh5+ Ke7 49. Bg5+ Nf6 50. Bxf6+ gxf6 51. Rh7+ Kd8 52. Ne1 Rxe1 53. Rxe1 Qxd3 54. Rh8 Ke7 55. Qh7+ Ke8 56. Qh5+ Ke7 57. Qg4 Qc2 58. Qg8 Kd7 59. Qe6+ Kc7 60. Rh7+ 1-0

[Event "CZE-ch"]
[Site "Karlovy Vary"]
[Date "2004.02.21"]
[Round "5"]
[White "Navara, David"]
[Black "Haba, Petr"]
[Result "1-0"]
[WhiteElo "2604"]
[BlackElo "2524"]
[PlyCount "79"]
[EventDate "2004.02.17"]
[EventType "tourn"]
[EventRounds "11"]
[EventCountry "CZE"]
[EventCategory "11"]
[SourceTitle "CBM 100"]
[Source "ChessBase"]
[SourceDate "2004.06.01"]
[SourceVersion "1"]
[SourceVersionDate "2004.06.01"]
[SourceQuality "1"]

1. Nf3 Nf6 2. g3 d5 3. Bg2 c6 4. O-O Bg4 5. d3 Nbd7 6. Nbd2 e5 7. e4 dxe4 8. dxe4 Bc5 9. h3 Bh5 10. Qe1 O-O 11. Nb3 Bb6 12. a4 Bxf3 13. Bxf3 a5 14. Nd2 Qc7 15. Nc4 Bc5 16. Bd2 b6 17. Qe2 $146 ({RR} 17. Bg2 Ne8 18. Bc3 f6 19. Rd1 Rd8 20. Qe2 Nd6 21. h4 Rfe8 22. Nxd6 Bxd6 23. Qc4+ Kh8 24. h5 Nc5 25. Bh3 Qb7 26. b3 Qa6 27. Qxa6 Nxa6 28. Rd2 Nc5 29. Bf5 Nb7 30. Rfd1 Kg8 31. Kg2 h6 {Nevednichy,V (2551)-Vidic,T (2164) Graz 2018 1-0 (56)}) 17... Rfe8 18. Rfd1 Rad8 19. Bc3 Bb4 20. Bxb4 axb4 21. Qd2 b3 22. cxb3 b5 23. Qa5 Qb8 24. axb5 cxb5 25. Nd6 Rf8 26. Qxb5 Qxb5 27. Nxb5 Nc5 28. Rxd8 Rxd8 29. b4 Ncxe4 30. Na7 g6 31. b5 Rd2 32. Bxe4 Nxe4 33. b4 Rd7 34. b6 Rb7 35. Nc8 Rb8 36. Ne7+ Kg7 37. Ra6 Nd6 38. Nc6 Re8 39. Ra7 Rc8 40. Rc7 1-0

[Event "Moscow Aeroflot op-A"]
[Site "Moscow"]
[Date "2004.02.22"]
[Round "6"]
[White "Markowski, Tomasz"]
[Black "Romanishin, Oleg M"]
[Result "1-0"]
[WhiteElo "2603"]
[BlackElo "2537"]
[Annotator "Konikowski,Jerzy"]
[PlyCount "85"]
[EventDate "2004.02.17"]
[EventType "swiss"]
[EventRounds "9"]
[EventCountry "RUS"]
[SourceTitle "CBM 100"]
[Source "ChessBase"]
[SourceDate "2004.06.01"]
[SourceVersion "1"]
[SourceVersionDate "2004.06.01"]
[SourceQuality "1"]

1. g3 d5 2. Nf3 Nf6 3. Bg2 g6 4. c4 dxc4 5. Na3 Be6 (5... Bg7 6. Nxc4 O-O 7. b3 (7. O-O c6 8. d3 Ne8 9. Rb1 Nd6 10. b3 Na6 11. Bd2 Bd7 12. h3 Qc8 13. Kh2 Nxc4 14. bxc4 b6 15. Ng5 Qc7 16. Ne4 f5 17. Nc3 Nc5 18. Na4 Nxa4 19. Qxa4 f4 20. c5 Be5 $132 {Karpeshov,O-Poliakov,S/Orsk 2000/}) 7... b5 8. Nce5 Bb7 9. Bb2 c5 10. O-O Nbd7 11. Rc1 Rc8 12. Rc2 Nxe5 13. Bxe5 c4 14. bxc4 bxc4 15. Rb2 Bc6 16. Bc3 Qd6 17. Qc2 Rfd8 18. Be5 Qc5 19. Bd4 Qa5 $11 {Ninov,K-Romanishin,O/Sarajevo 1988/}) 6. O-O $146 {[%mdl 8]} (6. Qc2 Bg7 (6... Bd5 7. Nxc4 Nc6 8. O-O Bxf3 9. Bxf3 Nd4 10. Qd3 Nxf3+ 11. Qxf3 c6 12. Qb3 b6 $11 {Tal,M-Kruppa,Y/Moscow 1991/URS-ch/}) 7. Nxc4 O-O 8. b3 c5 9. Bb2 Nc6 10. O-O Rc8 11. Rac1 b6 12. Qb1 Bd5 13. Rfd1 Nd7 14. e3 Bxf3 15. Bxf3 Nde5 {½-½ Panno,O-Slipak,S/Buenos Aires 1999/}) 6... Bg7 7. Qc2 O-O 8. Nxc4 Nc6 9. d3 Bd5 10. e4 Bxc4 $6 (10... Be6 $5) 11. dxc4 $146 ({RR} 11. Qxc4 Nd7 12. Rd1 Nb6 13. Qc2 Nd4 14. Nxd4 Bxd4 15. Bh6 Re8 16. e5 c6 17. Re1 Nd5 18. Re2 Nc7 19. Re4 Qd5 20. Qe2 Ne6 21. Rc1 Qxa2 22. Bh3 Rad8 23. Rc4 Qxb2 24. Qxb2 Bxb2 25. Bxe6 fxe6 {Wang,Y (2706)-Zeng,C (2504) China 2013 0-1 (61)}) 11... e5 12. Rd1 Qe7 13. c5 Rad8 14. Be3 Ng4 15. Bg5 Bf6 16. Bd2 Nd4 17. Qc4 Bg7 18. Bc3 Nc2 19. Rxd8 Rxd8 20. Rc1 Nd4 21. h3 Nxf3+ 22. Bxf3 Nf6 23. c6 b6 24. b4 h5 25. h4 Nh7 (25... Ne8 $5 $14) 26. Rd1 $16 Rxd1+ 27. Bxd1 Nf8 28. Bb3 Ne6 29. Qd5 Nd4 30. Bc4 Qf6 (30... Bf8 31. f4 $18) 31. Bxd4 exd4 32. Qd7 d3 (32... Qe5 33. Qxf7+ Kh7 34. Bd3 $18) 33. e5 $1 Qf3 (33... Qxe5 34. Qxf7+ Kh7 35. Bxd3 Qd6 36. Qd7 Qxd7 (36... Qxb4 37. Qxc7 Qe1+ 38. Bf1 Qc3 39. Qd7 Kh6 40. c7 Bd4 41. Kg2 $18) 37. cxd7 Bf6 38. b5 $18) 34. Bxd3 Kh7 $2 (34... Bxe5 $5 35. Qe8+ Kh7 36. Qxe5 Qxd3 37. Qxc7 Qd1+ 38. Kh2 Qf3 39. Qf4 Qxc6 40. Qxf7+ Kh6 41. Qxa7 $16) 35. e6 fxe6 36. Bf1 e5 37. Qxc7 e4 38. Qf4 Qc3 39. Qxe4 (39. c7 $142 $18) 39... Qe5 40. Bd3 (40. Qf4 $5 $18) 40... Qxe4 41. Bxe4 Be5 42. f4 Bc7 43. a4 1-0

[Event "Moscow Aeroflot op-A"]
[Site "Moscow"]
[Date "2004.02.22"]
[Round "6"]
[White "Socko, Bartosz"]
[Black "Smirnov, Pavel"]
[Result "1-0"]
[WhiteElo "2556"]
[BlackElo "2609"]
[PlyCount "81"]
[EventDate "2004.02.17"]
[EventType "swiss"]
[EventRounds "9"]
[EventCountry "RUS"]
[SourceTitle "CBM 100"]
[Source "ChessBase"]
[SourceDate "2004.06.01"]
[SourceVersion "1"]
[SourceVersionDate "2004.06.01"]
[SourceQuality "1"]

1. Nf3 c5 2. g3 Nc6 3. Bg2 g6 4. O-O Bg7 5. d3 d5 6. Nc3 Nf6 7. a3 O-O 8. Rb1 Qd6 ({RR} 8... a5 9. a4 Re8 10. Bd2 e5 11. e4 d4 12. Nb5 c4 13. Ne1 Be6 14. f4 Bg4 15. Bf3 Bh3 16. Bg2 Bg4 17. Bf3 h5 18. Bxg4 Nxg4 19. Ng2 exf4 20. gxf4 Qd7 21. Qf3 c3 22. bxc3 dxc3 23. Nxc3 {Vovk,A (2512)-Fridman,D (2649) Warsaw 2009 0-1 (42)}) ({RR} 8... a6 9. Na4 Qa5 10. b3 Nd7 11. Nd2 e6 12. c4 b5 13. cxd5 exd5 14. Bxd5 Bb7 15. Nb2 Rad8 16. Bg2 Rfe8 17. Ne4 Qc7 18. Bg5 f6 19. Bf4 Nce5 20. b4 f5 21. Nxc5 Nxc5 22. bxc5 Bxg2 23. Kxg2 {Socko,B (2528)-Wohl,A (2461) Istanbul 2000 1-0}) 9. b4 cxb4 10. axb4 Nxb4 $146 ({RR} 10... e5 11. b5 Ne7 12. Rb3 Re8 13. Ba3 Qb8 14. Na4 d4 15. c4 dxc3 16. Nxc3 Be6 17. Rb1 Nfd5 18. Ne4 h6 19. Qd2 Rd8 20. Nc5 Bc8 21. Rfc1 b6 22. Na6 Bxa6 23. bxa6 Rd7 24. e4 Nc7 25. Bh3 {Mastrovasilis,D (2363)-Dorfanis,I (2125) Kavala 1999 1-0 (40)}) ({RR} 10... d4 11. Nb5 Qd8 12. c4 a6 13. Na3 Re8 14. b5 axb5 15. Nxb5 e5 16. Bb2 Bf8 17. Ra1 Rxa1 18. Qxa1 Bf5 19. Ba3 Be7 20. Nd2 Qd7 21. Bxe7 Qxe7 22. Rb1 Rd8 23. Nb3 Kg7 24. h3 h6 25. Kh2 {Turner,M (2471)-Rodriguez Lopez,R (2225) Figueira da Foz 2021 1-0}) 11. Ba3 a5 12. Na2 Qc7 13. Nxb4 axb4 14. Bxb4 Re8 15. c3 e5 16. Qb3 Bd7 17. Ra1 Bc6 18. Ra3 Rxa3 19. Qxa3 Nd7 20. Rb1 d4 21. Nd2 Bxg2 22. Kxg2 Nf6 23. c4 Qc6+ 24. f3 b5 25. Be7 bxc4 26. Bxf6 Bxf6 27. Nxc4 e4 28. fxe4 Bg7 29. Qd6 Qc8 30. Qf4 Qa8 31. Kf2 h5 32. Nd6 Rf8 33. Rb7 Qa2 34. Nc4 Qa1 35. Kg2 Qa2 36. Qf3 Qa6 37. e5 Qe6 38. Rb6 Qe7 39. Qe4 Qc5 40. Rd6 Re8 41. Qxd4 1-0

[Event "ACP Blitz Prelim2"]
[Site "Playchess.com INT"]
[Date "2004.04.13"]
[Round "9"]
[White "Ghaem Maghami, Ehsan"]
[Black "Gustafsson, Jan"]
[Result "1-0"]
[WhiteElo "2558"]
[BlackElo "2579"]
[PlyCount "63"]
[EventDate "2004.04.13"]
[EventType "tourn (blitz)"]
[EventRounds "17"]
[EventCountry "GER"]
[EventCategory "12"]
[SourceTitle "CBM 099 Extra"]
[Source "ChessBase"]
[SourceDate "2004.05.04"]
[SourceVersion "1"]
[SourceVersionDate "2004.05.04"]
[SourceQuality "1"]

1. Nf3 d5 2. g3 Bg4 3. Bg2 Nd7 4. O-O e6 5. d3 Bd6 6. Nbd2 Ne7 7. e4 O-O 8. Re1 c5 9. h3 Bh5 10. c3 $146 ({RR} 10. Qe2 Nc6 11. c3 b5 12. a4 bxa4 13. Rxa4 a5 14. g4 Bg6 15. h4 Nb6 16. Ra1 f5 17. gxf5 exf5 18. e5 Nxe5 19. Nxe5 Bxe5 20. Qxe5 Re8 21. Qxe8+ Bxe8 22. Nb3 Qxh4 23. Nxc5 Bf7 24. Be3 Re8 {Perez,F (2276)-Prie,E (2489) France 2009 0-1 (40)}) ({RR} 10. exd5 exd5 11. g4 Bg6 12. Nh4 Qc7 13. Nf1 Rae8 14. a4 d4 15. Nd2 Nf6 16. Nc4 Bh2+ 17. Kh1 Nfd5 18. Qe2 Qb8 19. Bd2 Bf4 20. Bxf4 Nxf4 21. Qe5 Ned5 22. Qxb8 Rxb8 23. Re5 Rfd8 24. Nxg6 hxg6 {Toufighi,H (2407)-Pourramezanali,A (2496) Rasht 2017 0-1 (56)}) 10... Nc6 11. exd5 exd5 12. Qb3 Nb6 13. a4 Na5 14. Qc2 c4 15. dxc4 Bg6 16. Qd1 dxc4 17. Nd4 Bd3 18. Ne4 Be5 19. Bg5 Qd7 20. Nc5 Qc7 21. Nxd3 cxd3 22. Qxd3 h6 23. Nb5 Qc4 24. Qf5 hxg5 25. Qxe5 Nb3 26. Rad1 Qxa4 27. Nd6 Rad8 28. Nf5 f6 29. Qe6+ Kh7 30. Rxd8 Rxd8 31. Qf7 Qd7 32. Re7 1-0

[Event "Dubai op 6th"]
[Site "Dubai"]
[Date "2004.04.22"]
[Round "4"]
[White "Minasian, Artashes"]
[Black "Dizdar, Goran"]
[Result "1-0"]
[WhiteElo "2585"]
[BlackElo "2531"]
[PlyCount "146"]
[EventDate "2004.04.19"]
[EventType "swiss"]
[EventRounds "9"]
[EventCountry "UAE"]
[SourceTitle "CBM 101"]
[Source "ChessBase"]
[SourceDate "2004.07.27"]
[SourceVersion "1"]
[SourceVersionDate "2004.07.27"]
[SourceQuality "1"]

1. g3 {Engqvist,Thomas} d5 2. Nf3 c6 3. Bg2 Bg4 4. b3 Nd7 5. Bb2 Ngf6 6. O-O e6 7. d3 Bd6 8. Nbd2 O-O 9. h3 Bxf3 ({RR} 9... Bh5 10. e4 e5 ({RR} 10... Ne8 11. Qe1 Nc7 12. d4 ({RR} 12. e5 Bc5) 12... a5 13. a4 f5 14. exf5 exf5) 11. Qe1 Re8 12. Nh4 dxe4 ({RR} 12... a5 13. a3 Bc5 14. Kh1 ({RR} 14. Ndf3) 14... Nf8 15. f4 ({RR} 15. Nf5) 15... dxe4 16. dxe4 ({RR} 16. f5 e3 17. Ndf3 e4 18. Bxf6 Qxf6 19. dxe4 Rxe4 20. Ng5 Ree8 21. Ne4 Rxe4 22. Bxe4 e2 23. Rf4 Bd6) ({RR} 16. g4 exd3 17. gxh5 exf4 18. Bxf6 Rxe1 19. Bxd8 Rxa1 20. Rxa1 dxc2 21. Rc1 Rxd8 22. Rxc2 Bxa3) 16... exf4 17. gxf4 Bd4) ({RR} 12... Nc5 13. Nf5 Bc7 ({RR} 13... Bf8 14. f4 exf4 15. Rxf4) 14. f4 exf4 15. gxf4 Bg6) 13. dxe4 Bf8 14. Nf5 Qc7 15. a4 Nc5 16. f4 exf4 17. Bxf6 gxf6 18. gxf4 Bg6 19. Qg3 Rad8 20. Rf2 Rxd2 21. Rxd2 Nxe4) 10. Nxf3 Qc7 ({RR} 10... Qe7 11. a3 Rfd8 12. c4 Rac8 13. Qc2 a6 14. Rfe1 e5 15. e4 dxe4 16. dxe4 Nf8 17. c5 Bxc5 18. Bxe5 Ne6 19. Qb2 Rd3 20. b4 Ba7 21. Nh4 Nd4 22. Bf4 Rd8 23. Rad1 Rxd1 24. Rxd1 Ne6 25. Rxd8+ {Adly,A (2684)-Vladimirov,Y (2589) Pavlodar 2015 0-1 (60)}) ({RR} 10... Re8 11. Re1 Qc7 12. c4 Ne5 13. Rc1 Nxf3+ 14. exf3 dxc4 15. dxc4 Rad8 16. Qc2 Bc5 17. Be5 Bd6 18. Bxf6 gxf6 19. f4 f5 20. c5 Bf8 21. Red1 Rxd1+ 22. Rxd1 Rd8 23. b4 Rxd1+ 24. Qxd1 Be7 25. Bf3 {Pit Rada,M (2101)-Sahin,B (1789) Eforie Nord ROU 2025 ½-½ (39)}) 11. c4 dxc4 $146 ({RR} 11... Rfe8 12. Qc2 ({RR} 12. Rb1) 12... Rad8 13. a3 e5 14. e4 ({RR} 14. b4) 14... dxe4 15. dxe4 c5 16. Nh4 g6 17. Qc1 Nh5 ({RR} 17... Bf8 18. Bh1 ({RR} 18. Bf3 Nb8 19. Ng2 Nc6 20. Ne3 Bh6 21. Qc2 Nd4 22. Bxd4 cxd4 23. Nd5 Nxd5 24. exd5 f5) 18... Nb8 19. Ng2 Nc6 20. Ne3 Bh6 21. Qe1 ({RR} 21. Qc2 Nd4 22. Bxd4 cxd4 23. Nd5 Nxd5 24. exd5 f5 25. c5 e4) 21... Nd4 22. Bxd4 cxd4 ({RR} 22... exd4 23. Nd5 Nxd5 24. cxd5) 23. Nd5 Nxd5 24. cxd5 Qc2 ({RR} 24... Qc3) 25. Qb4) 18. Bf3 Ng7 19. Ng2 Ne6 20. Ne3 Nf6 21. Nd5 Nxd5 22. cxd5 Nd4 23. Bxd4 cxd4 24. Qxc7 Bxc7 25. Rfc1 Bd6 26. Be2 {Dunnington,A (2450)-Engqvist,T (2375) Hafnarfjordur 1996 CBM 056 [Engqvist,Thomas] ½-½ (32)}) ({RR} 11... Rfe8 12. Rc1 Rad8 13. a3 Qb8 14. Qc2 Ne5 15. Nd4 Ng6 16. b4 a6 17. b5 axb5 18. cxb5 c5 19. Nb3 Rc8 20. Bxf6 gxf6 21. e4 c4 22. dxc4 dxc4 23. Na5 Bxa3 24. Rb1 Qa7 25. Qc3 Bd6 26. Kh2 {Girinath,P (2344)-Swapnil,S (2209) Atul 2006 0-1 (49)}) 12. bxc4 e5 13. Qc2 Rfe8 14. Nd2 Rad8 15. e3 Bf8 16. Rad1 g6 17. d4 Bg7 18. c5 Nd5 19. Ne4 exd4 20. Bxd4 Bxd4 21. Rxd4 N5f6 22. Nd6 Re5 23. Rfd1 Rxc5 24. Qb3 Rf8 25. Qxb7 Qb6 26. Qxb6 Nxb6 27. Nb7 Rc2 28. R4d2 Rc3 29. Rd6 Nfd5 30. Na5 Rc8 31. Nxc6 R3xc6 32. Rxc6 Rxc6 33. Bxd5 Nxd5 34. Rxd5 Ra6 35. Rd2 Kg7 36. h4 Kf6 37. Kf1 Kf5 38. Ke2 f6 39. Kf3 h5 40. Rc2 Ra5 41. Ke2 Ra3 42. Kf3 Ra5 43. Kg2 Ra3 44. Kf1 Ra5 45. f3 Ra4 46. Kg2 Ra5 47. Kh3 Ra3 48. Re2 g5 49. hxg5 fxg5 50. Kg2 g4 51. e4+ Ke6 52. f4 Ra4 53. e5 Ra6 54. Kf2 Kf5 55. Ke3 Ra3+ 56. Kd4 Ke6 57. f5+ Ke7 58. e6 Ra4+ 59. Kd3 Ra3+ 60. Kd4 Ra4+ 61. Ke3 Ra3+ 62. Ke4 Ra4+ 63. Kd3 Ra3+ 64. Kc4 Rf3 65. Re5 h4 66. gxh4 g3 67. Ra5 Rf4+ 68. Kd3 Kf6 69. Rxa7 g2 70. Rf7+ Ke5 71. e7 Rd4+ 72. Ke2 g1=Q 73. e8=Q+ Kd5 1-0

[Event "Canarias en Red prel 5th"]
[Site "Playchess.com INT"]
[Date "2004.05.07"]
[Round "8"]
[White "Bellini, Fabio"]
[Black "Rabiega, Robert"]
[Result "1-0"]
[WhiteElo "2502"]
[BlackElo "2527"]
[PlyCount "113"]
[EventDate "2004.05.07"]
[EventType "swiss (blitz)"]
[EventRounds "13"]
[EventCountry "GER"]
[SourceTitle "EXT 2005"]
[Source "ChessBase"]
[SourceDate "2004.11.15"]
[SourceVersion "1"]
[SourceVersionDate "2004.11.15"]
[SourceQuality "1"]

1. b3 d5 2. Bb2 Bg4 3. h3 Bh5 4. g3 Nd7 5. Bg2 c6 6. Nf3 e6 7. O-O Ngf6 8. d3 Bd6 9. Nbd2 O-O 10. e4 e5 11. Qe1 Re8 12. Nh4 a5 13. a4 ({RR} 13. a3 Qb6 14. Nf5 Bf8 15. Rb1 Rad8 16. Kh1 Nc5 17. f4 dxe4 18. Nc4 Qa7 19. dxe4 exf4 20. Bxf6 gxf6 21. gxf4 Bg6 22. Ng3 f5 23. e5 a4 24. b4 Ne6 25. Ne3 Rd4 26. Nexf5 Rxf4 27. Qd2 Rd8 {Vitiugov,N (2747)-Dreev,A (2677) Moscow 2019 0-1 (39)}) ({RR} 13. a3 Bg6 14. Nxg6 hxg6 15. Qe2 dxe4 16. dxe4 b5 17. Rfd1 Bc5 18. Nf3 Qb6 19. Bf1 Bf8 20. Ng5 Nc5 21. Qf3 Ne6 22. Nxe6 Rxe6 23. Kg2 Bc5 24. Bd3 Rd8 25. Qe2 Ne8 26. a4 Nc7 27. Rf1 Bd4 {Annaberdiyev,B (2168)-Uzumcu,A (2284) Mersin 2022 ½-½ (67)}) 13... Nc5 $146 ({RR} 13... Qc7 14. Nf5 Bf8 15. Ne3 dxe4 16. dxe4 Nc5 17. f3 Ne6 18. Ndc4 Nd7 19. Rd1 f6 20. Kh2 Red8 21. Bc3 b6 22. Rd2 b5 23. Rxd7 Rxd7 24. Bxa5 Qb8 25. Nb6 Rb7 26. Nxa8 Qxa8 27. axb5 cxb5 28. Bb4 {Gronde,I-Kitte,S (2205) Germany 1994 0-1 (86)}) ({RR} 13... Bb4 14. Qc1 dxe4 15. dxe4 Nc5 16. c3 Nd3 17. Qc2 Bc5 18. Nc4 b5 19. axb5 cxb5 20. Nxa5 Bxf2+ 21. Kh2 Bxg3+ 22. Kxg3 Nxb2 23. b4 Nd3 24. Nf5 Nf4 25. Nb7 Qb8 26. Nbd6 Rd8 27. Bh1 h6 28. Rxa8 {Staller,P (2300)-Burmakin,V (2560) Schwarzach 1998 0-1 (34)}) 14. Nf5 Bf8 15. Kh2 Qc7 16. Rg1 Rad8 17. Nf1 dxe4 18. dxe4 Ne6 19. Bc3 b6 20. N1e3 Nd4 21. g4 Bg6 22. h4 h5 23. f3 Bxf5 24. gxf5 Rd7 25. Qg3 Red8 26. Bf1 Re8 27. Bc4 Qd8 28. Rg2 Nh7 29. Rag1 Qf6 30. Kh3 Kh8 31. Nf1 Bc5 32. Bd2 Nxc2 33. Bg5 Nxg5+ 34. hxg5 Qd6 35. Rxc2 Bxg1 36. g6 fxg6 37. Rd2 Bd4 38. fxg6 Re6 39. Ne3 Rxg6 40. Qh4 Qf6 41. Nf5 Qxh4+ 42. Kxh4 Rf6 43. Rh2 g6 44. Kg5 Rxf5+ 45. exf5 Kg7 46. f6+ Kf8 47. Kxg6 Be3 48. Rg2 Bf4 49. Kf5 Rf7 50. Bxf7 Kxf7 51. Rc2 Kf8 52. Rxc6 h4 53. Rxb6 Ke8 54. Rb8+ Kd7 55. f7 Kc6 56. f8=Q Kd5 57. Qe8 1-0

[Event "EU-ch 5th"]
[Site "Antalya"]
[Date "2004.05.20"]
[Round "5"]
[White "Istratescu, Andrei"]
[Black "Parligras, Mircea Emilian"]
[Result "1-0"]
[WhiteElo "2587"]
[BlackElo "2549"]
[PlyCount "95"]
[EventDate "2004.05.15"]
[EventType "swiss"]
[EventRounds "13"]
[EventCountry "TUR"]
[SourceTitle "CBM 101"]
[Source "ChessBase"]
[SourceDate "2004.07.27"]
[SourceVersion "1"]
[SourceVersionDate "2004.07.27"]
[SourceQuality "1"]

1. Nf3 c5 2. b3 d5 3. e3 Nf6 4. Bb2 a6 5. c4 Nc6 6. cxd5 Nxd5 7. Nc3 Nxc3 ({RR} 7... Bf5 8. a3 e6 9. Rc1 Nxc3 10. Bxc3 Qd7 11. Be2 Be7 12. O-O O-O 13. Ne5 Nxe5 14. Bxe5 Rfd8 15. d4 f6 16. Bg3 cxd4 17. Rc7 Qe8 18. exd4 Rd7 19. Rxd7 Qxd7 20. Bc4 b5 21. Qf3 Rc8 22. Qxf5 {Theodorou,N (2619)-Le,Q (2731) chess.com INT 2023 0-1 (44)}) ({RR} 7... Ndb4 8. d3 e6 9. Be2 Be7 10. O-O O-O 11. Rc1 b5 12. a3 Nd5 13. Ne4 Qb6 14. Qc2 Na5 15. Nxc5 Bxc5 16. Qxc5 Qxc5 17. Rxc5 Nxb3 18. Rc2 Bb7 19. Nd4 Nxd4 20. Bxd4 Rac8 21. Rfc1 Rxc2 22. Rxc2 {Klekowski,M (2463)-Mayank,C (2425) chess.com INT 2024 1-0 (69)}) 8. Bxc3 Qd6 $146 ({RR} 8... Bf5 9. Be2 Nb4 10. Bxb4 cxb4 11. O-O e6 12. d4 Rc8 13. Ne1 Rc3 14. Bd3 Qd5 15. Qe2 Bxd3 16. Nxd3 Bd6 17. Nb2 b5 18. Rfd1 Qe4 19. Rd2 O-O 20. Nd1 Rc7 21. f3 Qd5 22. e4 Qh5 23. g3 {Agrest,E (2568)-Ayats Llobera,G (2438) Barcelona 2022 1-0 (44)}) ({RR} 8... Bf5 9. Be2 Nb4 10. Bxb4 cxb4 11. O-O e6 12. d4 Rc8 13. Ne1 Rc3 14. Bd3 Qd5 15. Qe2 Bxd3 16. Nxd3 Bd6 17. Nb2 b5 18. Rfd1 Qe4 19. Rd2 O-O 20. Nd1 Rc7 21. f3 Qd5 22. e4 Qh5 23. g3 {Agrest,E (2568)-Ayats Llobera,G (2438) Barcelona 2022 1-0 (44)}) 9. Qb1 Qg6 10. Qb2 f6 11. g3 e5 12. Nh4 Qf7 13. Qb1 Be6 14. Bg2 Bd5 15. Bxd5 Qxd5 16. O-O O-O-O 17. a3 e4 18. f3 exf3 19. Qf5+ Qxf5 20. Nxf5 Ne7 21. Nxe7+ Bxe7 22. Rxf3 Rhe8 23. Kf2 Bd6 24. Rc1 Kd7 25. Ke2 Ke6 26. g4 h6 27. h4 b6 28. a4 Rd7 29. Rf5 Red8 30. d4 cxd4 31. Bxd4 Rc7 32. Rxc7 Bxc7 33. Rf1 Rd5 34. Rc1 Kd7 35. Kf3 f5 36. Bxg7 fxg4+ 37. Kxg4 h5+ 38. Kf3 Bd8 39. Bd4 Rf5+ 40. Ke4 Rf2 41. Rg1 b5 42. Rg7+ Kc8 43. axb5 axb5 44. Rh7 Bxh4 45. Rxh5 Be7 46. Rxb5 Kd7 47. Rb7+ Ke6 48. b4 1-0